000
00320nam a2200109Ia 4500
008
171204s9999 xx 000 0 und d
245
_a
Learning Concurrent Programming in Scala:
245
_c
Aleksandar Prokopec
260
_c
2014
650
_x
Programming 1-2
856
_u
http://down.ebook777.com/044/9781783281411.pdf
999
_c
345940
_d
345940